000 00496nam a2200157Ia 4500
003 GCL
008 140319s9999 xx 000 0 ara d
040 _aGCL /
_cGCL
082 0 4 _a415.5
_bع م
100 1 _aعصام نورالدين
245 1 0 _aمصطلح المحايد: المذكر والمؤنث المجازيان /
_cعصام نورالدين
300 _a178 ص
490 _aالمكتبة الجامعية
_v0
650 0 4 _aاللغة العربية - الصرف
942 _2ddc
_cBK
999 _c41002
_d41002